[Event "Arco op 45th"]
[Site "Arco"]
[Date "2023.10.07"]
[Round "1"]
[White "Kempe, Caius Emilian"]
[Black "Galliani, William"]
[Result "1-0"]
[WhiteElo "2026"]
[BlackElo "1677"]
[PlyCount "65"]
[EventDate "2023.10.07"]
[EventType "swiss"]
[EventRounds "9"]
[EventCountry "ITA"]
[SourceTitle "Mega2024 Update 01"]
[Source "Chessbase"]
[SourceDate "2023.11.12"]
[SourceVersion "1"]
[SourceVersionDate "2023.11.12"]
[SourceQuality "1"]

1. d4 Nf6 2. c4 d6 3. Nc3 g6 4. e4 Bg7 5. f3 0-0 6. Be3 Nbd7 7. Qd2 e5 8. d5 a5 9. Nge2 Qe7 10. Bg5 Re8 11. g4 h6 12. Be3 g5 13. h4 Nh7 14. Ng3 Ndf8 15. Nf5 Bxf5 16. gxf5 f6 17. 0-0-0 Nd7 18. Bh3 Ra6 19. Kb1 Nb6 20. Bf1 Raa8 21. Bxb6 cxb6 22. Qe3 Nf8 23. Qxb6 Nd7 24. Qe3 Nc5 25. Rd2 Qf7 26. Rdh2 Qd7 27. Bh3 Qe7 28. Nb5 Rec8 29. hxg5 hxg5 30. Bg4 Na6 31. Qe2 Rc5 32. Rh7 Rac8 33. Qh2 1-0

[Event "Arco op 44th"]
[Site "Arco"]
[Date "2022.10.16"]
[Round "9"]
[White "Galliani, William"]
[Black "Gulinelli, Euro"]
[Result "1-0"]
[WhiteElo "1749"]
[BlackElo "1581"]
[PlyCount "53"]
[EventDate "2022.10.08"]
[EventType "swiss"]
[EventRounds "9"]
[EventCountry "ITA"]
[SourceTitle "CBM 210 Extra"]
[Source "ChessBase"]
[SourceDate "2022.11.30"]
[SourceVersion "1"]
[SourceVersionDate "2022.11.30"]
[SourceQuality "1"]

1. c4 Nf6 2. Nc3 e6 3. e4 Bb4 4. e5 Bxc3 5. bxc3 Ne4 6. Qg4 0-0 7. Qxe4 d5 8. Qg4 f5 9. Qg3 c5 10. d4 cxd4 11. cxd4 dxc4 12. Bb2 b5 13. a3 Nc6 14. Nf3 f4 15. Qh3 Qa5+ 16. Nd2 f3 17. Rc1 Rf5 18. Bd3 Nxd4 19. Be4 Nb3 20. Bc3 Qxa3 21. Nxb3 Qxb3 22. Bxa8 b4 23. Be4 bxc3 24. Bxf5 exf5 25. Qxf3 c2 26. Qd5+ Kf8 27. 0-0 1-0

[Event "Arco op 43rd"]
[Site "Arco"]
[Date "2021.10.17"]
[Round "9"]
[White "Mattenberger, Matthias"]
[Black "Galliani, William"]
[Result "1-0"]
[WhiteElo "1839"]
[BlackElo "1717"]
[PlyCount "55"]
[EventDate "2021.10.09"]
[EventType "swiss"]
[EventRounds "9"]
[EventCountry "ITA"]
[SourceTitle "EXT 2023"]
[Source "ChessBase"]
[SourceDate "2022.10.05"]
[SourceVersion "1"]
[SourceVersionDate "2022.10.05"]
[SourceQuality "1"]

1. d4 d6 2. c4 f5 3. g3 Nf6 4. Bg2 g6 5. Nf3 Bg7 6. 0-0 0-0 7. Nc3 Qe8 8. b3 e5 9. dxe5 dxe5 10. e4 fxe4 11. Ng5 Bf5 12. Ba3 Nc6 13. Bxf8 Bxf8 14. Ngxe4 Nxe4 15. Nxe4 Qe7 16. Qd5+ Be6 17. Qd2 h6 18. Rad1 Nd4 19. Kh1 Bg7 20. Qe3 Rf8 21. Rd2 Nf5 22. Qxa7 b6 23. c5 Ne3 24. fxe3 Rxf1+ 25. Bxf1 Bf5 26. Qa8+ Kh7 27. Bc4 Qf8 28. Nf6+ 1-0

[Event "Arco op 43rd"]
[Site "Arco"]
[Date "2021.10.16"]
[Round "8"]
[White "Galliani, William"]
[Black "Ottaviani, Gianluca"]
[Result "0-1"]
[WhiteElo "1717"]
[BlackElo "1950"]
[PlyCount "128"]
[EventDate "2021.10.09"]
[EventType "swiss"]
[EventRounds "9"]
[EventCountry "ITA"]
[SourceTitle "CBM 204 Extra"]
[Source "ChessBase"]
[SourceDate "2021.11.30"]
[SourceVersion "1"]
[SourceVersionDate "2021.11.30"]
[SourceQuality "1"]

1. d4 Nf6 2. Nf3 d5 3. c4 e6 4. g3 Bb4+ 5. Bd2 Be7 6. Bg2 0-0 7. 0-0 c6 8. b3 b6 9. Bc3 Ba6 10. Nbd2 Nbd7 11. Qc2 Rc8 12. Bb2 Qc7 13. Rac1 Qb8 14. Qb1 Rfd8 15. Rfd1 Bd6 16. Qa1 h6 17. e3 Bb7 18. a3 c5 19. cxd5 Bxd5 20. Nc4 Bf8 21. Nfe5 Bxg2 22. Kxg2 b5 23. Nxd7 Nxd7 24. Nd2 cxd4 25. exd4 Qb7+ 26. f3 Nf6 27. Re1 Rxc1 28. Qxc1 Rc8 29. Qb1 Qd5 30. b4 Qc6 31. Rc1 Qb7 32. Rxc8 Qxc8 33. Qd3 Nd5 34. Ne4 Qc4 35. Qxc4 Ne3+ 36. Kf2 Nxc4 37. Bc1 a5 38. Nc5 axb4 39. axb4 Nb6 40. Bd2 Nd5 41. f4 Bd6 42. Kf3 Kf8 43. Ke4 f5+ 44. Kf3 Ke7 45. h3 h5 46. h4 g6 47. Ke2 Kf7 48. Kd3 Ne7 49. Nb7 Bc7 50. Nc5 Nc6 51. Bc3 Ke7 52. Ke3 Bb6 53. Nd3 Kd6 54. Ne5 Nxe5 55. fxe5+ Kd5 56. Kd3 Bd8 57. Bd2 Be7 58. Bc3 g5 59. hxg5 Bxg5 60. Be1 Bc1 61. Bf2 f4 62. gxf4 Bxf4 63. Bh4 Bc1 64. Kc2 Be3 0-1

[Event "Arco op 43rd"]
[Site "Arco"]
[Date "2021.10.09"]
[Round "1"]
[White "Higatsberger, Michael"]
[Black "Galliani, William"]
[Result "1-0"]
[WhiteElo "2077"]
[BlackElo "1717"]
[PlyCount "69"]
[EventDate "2021.10.09"]
[EventType "swiss"]
[EventRounds "9"]
[EventCountry "ITA"]
[SourceTitle "CBM 204 Extra"]
[Source "ChessBase"]
[SourceDate "2021.11.30"]
[SourceVersion "1"]
[SourceVersionDate "2021.11.30"]
[SourceQuality "1"]

1. e4 c6 2. d4 d5 3. e5 g6 4. Nf3 Bg4 5. h3 Bxf3 6. Qxf3 e6 7. Bd3 Bg7 8. Nc3 Nh6 9. 0-0 0-0 10. Qg3 f5 11. Ne2 c5 12. Bg5 Qe8 13. c3 Nc6 14. Rfe1 Rc8 15. Qh4 Nf7 16. Bf6 Nh8 17. Bxg7 Kxg7 18. Bb5 h6 19. dxc5 g5 20. Qa4 a6 21. Bxc6 Rxc6 22. Qb4 Qf7 23. Nd4 Rc7 24. c4 dxc4 25. Qxc4 Re8 26. b4 Ng6 27. Rad1 Nf4 28. Ne2 Nd5 29. Nc3 Nf4 30. Rd6 Rec8 31. Red1 b5 32. Qd4 Rb8 33. Rd7 Rxd7 34. Qxd7 Rb7 35. c6 1-0

[Event "Arco op 40th"]
[Site "Arco"]
[Date "2018.10.17"]
[Round "5"]
[White "Galliani, William"]
[Black "Oppici, Gabriele"]
[Result "0-1"]
[WhiteElo "1703"]
[BlackElo "1976"]
[PlyCount "96"]
[EventDate "2018.10.13"]
[EventType "swiss"]
[EventRounds "9"]
[EventCountry "ITA"]
[SourceTitle "CBM 186 Extra"]
[Source "ChessBase"]
[SourceDate "2018.08.24"]
[SourceVersion "1"]
[SourceVersionDate "2018.08.24"]
[SourceQuality "1"]

1. Nf3 d6 2. g3 e5 3. d3 g6 4. Bg2 Bg7 5. 0-0 Ne7 6. e4 0-0 7. b3 h6 8. Bb2 Be6 9. Nbd2 Qd7 10. d4 exd4 11. Bxd4 Nbc6 12. Bxg7 Kxg7 13. Qe2 a5 14. Rfd1 Kh7 15. c3 Bg4 16. Qf1 Qc8 17. h3 Bd7 18. Kh2 Qb8 19. Qe2 Qa7 20. e5 d5 21. c4 Be6 22. Rac1 Rad8 23. c5 Nf5 24. Nf1 a4 25. g4 Nfe7 26. Ng3 axb3 27. axb3 Qa3 28. Qc2 d4 29. Qd2 Bxb3 30. Ra1 Qxc5 31. Ne4 Qc2 32. Nf6+ Kg7 33. Qf4 Nd5 34. Nxd5 Bxd5 35. Qf6+ Kg8 36. Rd2 Qc3 37. Rad1 Bxf3 38. Bxf3 Nxe5 39. Bxb7 Nc4 40. Rd3 Qa5 41. f4 Rd6 42. Qh4 Qa2+ 43. Kg3 Kg7 44. f5 g5 45. Qh5 Re8 46. Be4 Rf6 47. R3d2 Qa3+ 48. Rd3 Qd6+ 0-1

[Event "Arco op-A 39th"]
[Site "Arco"]
[Date "2017.10.13"]
[Round "7"]
[White "Haenisch, Christoph"]
[Black "Galliani, William"]
[Result "1/2-1/2"]
[WhiteElo "1823"]
[BlackElo "1672"]
[PlyCount "81"]
[EventDate "2017.10.07"]
[EventType "swiss"]
[EventRounds "9"]
[EventCountry "ITA"]
[SourceTitle "CBM 181 Extra"]
[Source "ChessBase"]
[SourceDate "2017.12.12"]
[SourceVersion "1"]
[SourceVersionDate "2017.12.12"]
[SourceQuality "1"]

1. d4 d6 2. Nf3 g6 3. c4 Bg7 4. e4 Nf6 5. Nc3 0-0 6. Be2 c5 7. 0-0 Nbd7 8. d5 Nb8 9. Ne1 e6 10. Bf4 exd5 11. cxd5 a6 12. a4 b6 13. Nc2 Bb7 14. Qd2 Re8 15. Bf3 Qc7 16. Ne3 Nbd7 17. Nc4 Bf8 18. Rac1 Rad8 19. Rfe1 Ne5 20. Nxe5 dxe5 21. Be3 Qd6 22. Qc2 Rc8 23. Qb3 Bg7 24. Nb1 Nd7 25. Na3 f5 26. Nc4 Qf6 27. Rcd1 fxe4 28. Bxe4 Kh8 29. f3 Ba8 30. Re2 Rb8 31. Qc2 Rec8 32. b3 b5 33. axb5 axb5 34. Nb2 Qd6 35. Red2 Nb6 36. Qd3 c4 37. bxc4 bxc4 38. Qc3 Kg8 39. Bf2 Bf8 40. Kh1 Bg7 41. Bg3 1/2-1/2

[Event "Arco op-A 39th"]
[Site "Arco"]
[Date "2017.10.10"]
[Round "4"]
[White "Galliani, William"]
[Black "Perino, Alberto"]
[Result "0-1"]
[WhiteElo "1672"]
[BlackElo "1880"]
[PlyCount "70"]
[EventDate "2017.10.07"]
[EventType "swiss"]
[EventRounds "9"]
[EventCountry "ITA"]
[SourceTitle "CBM 181 Extra"]
[Source "ChessBase"]
[SourceDate "2017.12.12"]
[SourceVersion "1"]
[SourceVersionDate "2017.12.12"]
[SourceQuality "1"]

1. e4 e6 2. d4 d5 3. Nd2 dxe4 4. Nxe4 Bd7 5. Nf3 Bc6 6. Bd3 Nd7 7. 0-0 Ngf6 8. Bg5 Be7 9. Nxf6+ Bxf6 10. Bxf6 Qxf6 11. Qe2 Bxf3 12. Qxf3 Qxf3 13. gxf3 Nf6 14. Be4 0-0-0 15. Rfd1 Nh5 16. c3 Nf4 17. a4 Rd6 18. Rd2 c5 19. Kf1 Rhd8 20. a5 f5 21. Bc2 cxd4 22. Rad1 g6 23. Rxd4 Rxd4 24. Rxd4 Rxd4 25. cxd4 Kd7 26. Ke1 Kc6 27. Kd2 Kb5 28. Bb3 Kxa5 29. Ke3 g5 30. d5 Nxd5+ 31. Bxd5 exd5 32. Kd4 Kb4 33. Kxd5 Kb3 34. Ke5 Kxb2 35. Kxf5 a5 0-1

[Event "Arco op-A 39th"]
[Site "Arco"]
[Date "2017.10.08"]
[Round "2"]
[White "Galliani, William"]
[Black "Blasco, Domenico"]
[Result "1-0"]
[WhiteElo "1672"]
[BlackElo "1894"]
[PlyCount "73"]
[EventDate "2017.10.07"]
[EventType "swiss"]
[EventRounds "9"]
[EventCountry "ITA"]
[SourceTitle "CBM 181 Extra"]
[Source "ChessBase"]
[SourceDate "2017.12.12"]
[SourceVersion "1"]
[SourceVersionDate "2017.12.12"]
[SourceQuality "1"]

1. e4 g6 2. d4 Bg7 3. Be3 c5 4. c3 cxd4 5. cxd4 d5 6. e5 Nh6 7. Nf3 0-0 8. Be2 Nc6 9. 0-0 Nf5 10. Nc3 Nxe3 11. fxe3 Bh6 12. Qd2 Be6 13. Bb5 Qa5 14. Qf2 Rac8 15. Bxc6 Rxc6 16. Rae1 b5 17. Qh4 Bg7 18. Ng5 h6 19. Nxe6 Rxe6 20. Nxd5 g5 21. Qf2 Qxa2 22. e4 Qa5 23. Ra1 Qd8 24. Rxa7 f6 25. Qf5 Kf7 26. exf6 Bxf6 27. Qh7+ Ke8 28. Nc7+ Qxc7 29. Ra8+ Kd7 30. Rxf8 Bxd4+ 31. Kh1 Bf6 32. Qf5 Qe5 33. Qg6 Qc7 34. Qe8+ Kd6 35. Qxb5 Re5 36. Rd1+ Ke6 37. Qb3+ 1-0

[Event "Milan Crespi op-B 35th"]
[Site "Milan"]
[Date "2014.12.08"]
[Round "6"]
[White "Galliani, William"]
[Black "Orlandini, Andrea"]
[Result "0-1"]
[WhiteElo "1589"]
[BlackElo "1637"]
[PlyCount "50"]
[EventDate "2014.12.04"]
[EventType "swiss"]
[EventRounds "7"]
[EventCountry "ITA"]
[SourceTitle "EXT 2017"]
[Source "ChessBase"]
[SourceDate "2016.10.25"]
[SourceVersion "1"]
[SourceVersionDate "2016.10.25"]
[SourceQuality "1"]

1. d4 d5 2. c4 c6 3. Nc3 Nf6 4. Nf3 dxc4 5. a4 Bf5 6. e3 e6 7. Bxc4 Nbd7 8. 0-0 Be7 9. Qe2 Ne4 10. Bd3 Nxc3 11. bxc3 Bxd3 12. Qxd3 c5 13. Re1 0-0 14. c4 Rc8 15. a5 cxd4 16. exd4 Nc5 17. Qb1 Na6 18. Qxb7 Nb4 19. Rd1 Rc7 20. Qb5 Qc8 21. Bf4 a6 22. Qh5 Rxc4 23. Qg4 Rd8 24. Rab1 Nc6 25. d5 exd5 0-1

[Event "Milan Crespi op-B 35th"]
[Site "Milan"]
[Date "2014.12.08"]
[Round "7"]
[White "Invernizzi, Ferruccio"]
[Black "Galliani, William"]
[Result "1-0"]
[WhiteElo "1598"]
[BlackElo "1589"]
[PlyCount "77"]
[EventDate "2014.12.04"]
[EventType "swiss"]
[EventRounds "7"]
[EventCountry "ITA"]
[SourceTitle "EXT 2017"]
[Source "ChessBase"]
[SourceDate "2016.10.25"]
[SourceVersion "1"]
[SourceVersionDate "2016.10.25"]
[SourceQuality "1"]

1. e4 e5 2. Nf3 Nc6 3. d4 exd4 4. Nxd4 Bc5 5. Be3 Qf6 6. c3 Nge7 7. Bb5 Qg6 8. Qf3 0-0 9. Nxc6 bxc6 10. Bxc5 d6 11. Bd3 dxc5 12. 0-0 Be6 13. Nd2 Rfd8 14. Nc4 Rab8 15. b3 Bxc4 16. Bxc4 Rd2 17. Rfd1 Rbd8 18. Rxd2 Rxd2 19. Rd1 Rxd1+ 20. Qxd1 Qd6 21. Qf3 Qg6 22. Qf4 h6 23. f3 Qf6 24. Qe3 Qd6 25. Qd3 Qxd3 26. Bxd3 Ng6 27. Kf2 Kf8 28. Ke3 Ke7 29. g3 Kd6 30. f4 Ne7 31. e5+ Ke6 32. Ke4 Nd5 33. Bc4 g6 34. g4 f5+ 35. exf6 Kxf6 36. Bxd5 cxd5+ 37. Kxd5 h5 38. h3 h4 39. Kxc5 1-0

[Event "Milan Crespi op-B 35th"]
[Site "Milan"]
[Date "2014.12.06"]
[Round "4"]
[White "Maccari, Piergiuseppe"]
[Black "Galliani, William"]
[Result "1-0"]
[WhiteElo "1714"]
[BlackElo "1589"]
[PlyCount "83"]
[EventDate "2014.12.04"]
[EventType "swiss"]
[EventRounds "7"]
[EventCountry "ITA"]
[SourceTitle "EXT 2017"]
[Source "ChessBase"]
[SourceDate "2016.10.25"]
[SourceVersion "1"]
[SourceVersionDate "2016.10.25"]
[SourceQuality "1"]

1. Nf3 d5 2. g3 Nf6 3. Bg2 c6 4. 0-0 h6 5. d4 Bf5 6. c4 e6 7. Qb3 Qb6 8. Qxb6 axb6 9. Nc3 Nbd7 10. cxd5 exd5 11. Bf4 g5 12. Be5 Nxe5 13. Nxe5 Bg7 14. f3 Nd7 15. e4 Bxe5 16. dxe5 Be6 17. exd5 cxd5 18. f4 gxf4 19. gxf4 Rg8 20. Kh1 d4 21. Nb5 Ke7 22. Nxd4 Rxa2 23. Rxa2 Bxa2 24. Bxb7 Nc5 25. Bf3 Bc4 26. Ra1 Nd3 27. Ra7+ Kf8 28. Ra8+ Kg7 29. Nf5+ Kh7 30. Rxg8 Kxg8 31. Nxh6+ Kg7 32. Nf5+ Kg6 33. Nd6 Nxb2 34. Be4+ Kg7 35. Kg2 b5 36. Kf3 b4 37. Ke3 Ba2 38. Kd4 Nd1 39. Kc5 b3 40. Bd5 Ne3 41. Bxf7 Nf5 42. Bxb3 1-0

[Event "Arco op 36th"]
[Site "Arco"]
[Date "2014.10.08"]
[Round "5"]
[White "Galliani, William"]
[Black "Moro, Roberto"]
[Result "1/2-1/2"]
[WhiteElo "1458"]
[BlackElo "1748"]
[PlyCount "73"]
[EventDate "2014.10.04"]
[EventType "swiss"]
[EventRounds "9"]
[EventCountry "ITA"]
[SourceTitle "EXT 2016"]
[Source "ChessBase"]
[SourceDate "2015.10.08"]
[SourceVersion "1"]
[SourceVersionDate "2015.10.08"]
[SourceQuality "1"]

1. d4 d6 2. c4 Nf6 3. Nc3 g6 4. e4 Bg7 5. Nf3 Bg4 6. Be2 Nbd7 7. 0-0 0-0 8. h3 Bxf3 9. Bxf3 c5 10. d5 Ne5 11. Be2 h6 12. f4 Ned7 13. Qe1 Nh7 14. g4 Bd4+ 15. Kh2 f5 16. gxf5 gxf5 17. Qh4 Kh8 18. exf5 Bxc3 19. bxc3 Ndf6 20. Qxh6 Rg8 21. Bd3 Rg7 22. Bd2 Qd7 23. Bc2 b5 24. Rab1 bxc4 25. Rg1 Rxg1 26. Rxg1 Rg8 27. Rxg8+ Kxg8 28. Qg6+ Kh8 29. h4 Qb7 30. Qg2 Qxd5 31. Qxd5 Nxd5 32. Be4 Nhf6 33. Bxd5 Nxd5 34. Kg3 Nf6 35. Kf3 Kh7 36. Be1 Kh6 37. a4 1/2-1/2